LIBRARY & INFORMATION CENTRE, KCAET, TAVANUR

ONLINE PUBLIC ACCESS CATALOGUE (OPAC)

Educational psychology / (Record no. 12161)

MARC details
000 -LEADER
fixed length control field 00482cam a2200193ua 4500
041 ## - LANGUAGE CODE
Language code of text/sound track or separate title eng
082 ## - DEWEY DECIMAL CLASSIFICATION NUMBER
Classification number 370.15
Item number COL/ED
100 ## - MAIN ENTRY--AUTHOR NAME
Personal name Cole , E Lawrence .
245 ## - TITLE STATEMENT
Title Educational psychology /
250 ## - EDITION STATEMENT
Edition statement 1 /
260 ## - PUBLICATION, DISTRIBUTION, ETC. (IMPRINT)
Place of publication Bombay :
Name of publisher The times of India press ,
Year of publication 1966.
300 ## - PHYSICAL DESCRIPTION
Number of Pages 701 ; .
700 1# - ADDED ENTRY--PERSONAL NAME
Personal name Bruce , William F .
942 ## - ADDED ENTRY ELEMENTS (KOHA)
Koha item type Books
Holdings
Withdrawn status Lost status Damaged status Home library Current library Date acquired Full call number Accession Number Koha item type
Withdrawn     KAUAET Sanskrit University 07/04/2012 370.15 10325 Books
free website counter